Statistics for Every Alolan Mythical, Legendary and Ultra Beast

Click here to take the quiz!

General Stats

  • This quiz has been taken 7 times
  • The average score is 15 of 27

Answer Stats

HintAnswer% Correct
792Lunala
100%
794Buzzwole
80%
789Cosmog
80%
791Solgaleo
80%
806Blacephalon
60%
790Cosmoem
60%
802Marshadow
60%
809Melmetal
60%
808Meltan
60%
793Nihilego
60%
773Silvally
60%
787Tapu Bulu
60%
788Tapu Fini
60%
785Tapu Koko
60%
786Tapu Lele
60%
772Type:Null
60%
797Celesteela
40%
799Guzzlord
40%
798Kartana
40%
801Magearna
40%
804Naganadel
40%
800Necrozma
40%
795Pheromosa
40%
803Poipole
40%
805Stakataka
40%
796Xurkitree
40%
807Zeraora
40%

Score Distribution

Percentile by Number Answered

Percent of People with Each Score

Your Score History

You have not taken this quiz